Lily Christine / (Record no. 25225)
[ view plain ]
| 000 -LEADER | |
|---|---|
| campo de control de longitud fija | 00416nam a2200157 i 4500 |
| 001 - NÚMERO DE CONTROL | |
| campo de control | 25225 |
| 003 - IDENTIFICADOR DE NÚMERO DE CONTROL | |
| campo de control | ES-MaACL |
| 005 - FECHA Y HORA DE LA ÚLTIMA TRANSACCIÓN | |
| campo de control | 20230906153221.0 |
| 007 - CAMPO FIJO DE DESCRIPCIÓN FÍSICA--INFORMACIÓN GENERAL | |
| campo de control de longitud fija | t| |
| 008 - DATOS DE LONGITUD FIJA--INFORMACIÓN GENERAL | |
| campo de control de longitud fija | 021223s1930 gw ||||1| eng d |
| 100 1# - ENTRADA PRINCIPAL--NOMBRE DE PERSONA | |
| Nombre de persona | Arlen, Michael. |
| 9 (RLIN) | 22894 |
| 245 10 - MENCIÓN DEL TÍTULO | |
| Título | Lily Christine / |
| Mención de responsabilidad, etc. | by Michael Arlen. |
| 260 ## - PUBLICACIÓN, DISTRIBUCIÓN, ETC. | |
| Lugar de publicación, distribución, etc. | Leipzig : |
| Nombre del editor, distribuidor, etc. | Bernard Janchnitz, |
| Fecha de publicación, distribución, etc. | 1930. |
| 300 ## - DESCRIPCIÓN FÍSICA | |
| Extensión | 295 p. ; |
| Dimensiones | 16 cm. |
| 852 ## - LOCALIZACIÓN | |
| Ubicación | ES-MaACL |
| Número de control de estantería | F-14569 |
| Sublocalización o colección | R.12321 |
| Estatus retirado | Estado de pérdida | Estado de daño | No para préstamo | Biblioteca de origen | Biblioteca actual | Ubicación en estantería | Fecha de adquisición | Fuente de adquisición | Total de préstamos | Signatura topográfica completa | Código de barras | Visto por última vez | Precio de reemplazo | Tipo de ítem Koha |
|---|---|---|---|---|---|---|---|---|---|---|---|---|---|---|
| Biblioteca del Ateneo de Madrid | Biblioteca del Ateneo de Madrid | Sala Pecera Planta 2 | 17/01/2008 | F-14569 | 1026006 | 23/02/2023 | 23/02/2023 | Libro impreso |
